000 00422nam a2200181Ia 4500
001 2855
005 20260306144838.0
008 260306t1998||||xx |||||||||||||| ||spa||
041 _aESP
082 _a230.2092
_bE84
100 _aEsparza, Michel
_eAUT
245 0 _aEl pensamiento de Edith Stein
260 _c1998
300 _a317 páginas :
_c18 cm.
650 _aGEN
654 _aCHU
942 _cLIB
_dJUS
_fJUS
_2ddc
_n
999 _c2855
_d2855